000 01536cam a2200325 i 4500
003 SA-RiAUC
005 20240930120742.0
008 240929s2008____su g 00010 ara c
020 _a9789960968179
040 _aSA-MaUQU
_bara
_cSA-RiAUC
_erda
043 _aa-su---
082 0 4 _a953.122
090 _a920.053122
_bس خ ا
100 1 _aالسخاوي، محمد بن عبد الرحمن بن محمد،
_d831-902 هجري
_eمؤلف.
245 1 2 _aالتحفة اللطيفة في تاريخ المدينة الشريفة/
_cتأليف شمس الدين السخاوي المصري المدني ؛ تحقيق صفوان داوودي [ومجموعة آخرون] ؛ مراجعة عبد الرحمن العثيمين [ومجموعة آخرون].
246 3 0 _aتاريخ المدينة الشريفة
250 _aالطبعة الأولى.
264 1 _aالمدينة المنورة :
_bمركز بحوث ودراسات المدينة المنورة،
_c2008
300 _c24 سم.
336 _aنص
_btxt
_2rdacontent
_3كتاب
337 _aبدون وسيط
_bn
_2rdamedia
338 _aمجلد
_bnc
_2rdacarrier
440 0 _aمركز بحوث ودراسات المدينة المنورة
_v22
651 7 _aالمدينة المنورة
_xتاريخ
_2aucsh
651 7 _aالمدينة المنورة
_vتراجم
_2aucsh
700 _aداوودي, صفوان.
_eتحقيق
700 _aالعثيمين, عبدالرحمن.
_eمراجع.
942 _2ddc
_cBOOK
_n0
949 _aSA-JeALM
_d240929
_umohamedma123
_n1
999 _c644
_d644